[Event "GER CupT final"]
[Site "Erfurt"]
[Date "2004.03.21"]
[Round "2.2"]
[White "Beliavsky, Alexander G"]
[Black "Huebner, Robert"]
[Result "1/2-1/2"]
[WhiteElo "2667"]
[BlackElo "2604"]
[Annotator "Huebner,R"]
[PlyCount "80"]
[EventDate "2004.03.20"]
[EventType "team"]
[EventRounds "2"]
[EventCountry "GER"]
[SourceTitle "CBM 100"]
[Source "ChessBase"]
[SourceDate "2004.06.01"]
[SourceVersion "1"]
[SourceVersionDate "2004.06.01"]
[SourceQuality "1"]
[WhiteTeam "Porz"]
[BlackTeam "Baden Oos"]
[WhiteTeamCountry "GER"]
[BlackTeamCountry "GER"]

1. d4 d5 2. c4 c6 3. Nf3 Nf6 4. Nc3 a6 5. b3 {Dieser bescheidene Deckungszug
sieht nicht besonders wirksam aus; Weiß verliert die Möglichkeit, mit Dd1-b3
gegen den Bauern auf b7 zu drücken, wenn Schwarz seinen weißfeldrigen Läufer
entwickelt. Er ist dann auch nicht besonders beliebt, führt aber zu
unerforschten Stellungen.} Bg4 {Dieser Zug ist, soweit ich sehe, an dieser
Stelle neu. Nicht neu ist jedoch die damit verbundene Absicht: der
Königsspringer des Weißen soll nach e5 gelockt werden, damit er sogleich mit
Nb8-d7 abgetauscht werden kann.} (5... Bf5 6. Nh4 (6. e3 e6 {sieht nicht
gefährlich für Schwarz aus.}) 6... Be6 7. e3 {überläßt dem Weißen das etwas
bequemere Spiel.}) 6. Ne5 Bf5 7. e3 Nbd7 (7... e6 8. g4 Bg6 9. h4 {sieht
ungünstig für Schwarz aus.}) 8. Bb2 ({Die Fortsetzung} 8. g4 Nxe5 9. gxf5 Ned7
10. Bg2 g6 {führt zu befriedigendem Spiel für Schwarz.}) 8... Nxe5 {Schwarz
ist nicht gezwungen, sofort auf e5 zu schlagen. In Betracht kommt} (8... e6 9.
g4 Bg6 10. h4 Nxe5 11. dxe5 Ne4 12. Nxe4 (12. h5 {ist nicht besser:} Bb4 13.
hxg6 Nxc3 14. gxf7+ Kf8 (14... Kxf7 {ist ungenau;} 15. Qf3+ Ke8 16. a3 {
führt zum Vorteil für Weiß.}) (14... Kd7 15. Qc2 Ne4+ 16. Kd1 {ist ebenfalls
günstig für Weiß.}) 15. Qc2 (15. Qd2 Nxa2 16. Ba3 Bxa3 17. Rxa2 Qe7 {führt zu
besserem Spiel für Schwarz.}) 15... Na4+ 16. Ke2 Nxb2 17. Qxb2 {mit etwa
gleichem Spiel.}) 12... Bxe4 13. f3 dxc4 14. fxe4 Qa5+ 15. Kf2 c3 (15... Rd8 {
ist nicht stärker; Weiß antwortet mit} 16. Qc1) 16. Bc1 Rd8 (16... Qxe5 {
erlaubt die Antwort} 17. Qd4) 17. Qc2 Qxe5 {mit unklarer Lage.}) 9. dxe5 Ne4
10. g4 Nxc3 $6 {Es gibt keinen Grund dafür, den wohlzentralisierten Springer
abzutauschen.} ({Die Folge} 10... Bg6 11. cxd5 ({Auch} 11. e6 fxe6 12. Nxe4
Bxe4 13. f3 Qa5+ 14. Kf2 Bg6 15. Bd3 {kommt für Weiß in Betracht.}) 11... Nxc3
12. Bxc3 Qxd5 ({Auch die Fortsetzung} 12... cxd5 13. e6 Qd6 14. exf7+ Bxf7 15.
Qd4 {überläßt dem Weißen Vorteil.}) 13. Qxd5 cxd5 14. e6 fxe6 15. Bg2 {dürfte
dem Weißen das bessere Spiel überlassen.}) (10... Be6 {ist der angewiesene Zug:
} 11. Nxe4 (11. f3 {Nicht besser ist} Nxc3 12. Bxc3 f5 {mit gutem Spiel für
Schwarz.}) (11. Bd3 $2 Nxc3 12. Bxc3 dxc4 {verschafft ihm sogar das bessere
Spiel.}) 11... dxe4 12. Be2 f5 {mit Ausgleich.}) 11. Bxc3 Be6 $6 {Dies dürfte
nicht die beste Möglichkeit darstellen.} (11... Bg6 12. e6 fxe6 (12... Qd6 13.
exf7+ Bxf7 14. Qd4 {überläßt dem Weißen Vorteil.}) 13. Bg2 {sit nicht angenehm
für Schwarz} ({Nach} 13. Be5 Qa5+ 14. Qd2 Qxd2+ 15. Kxd2 Be4 16. Rg1 Rg8 {
hat Schwarz nichts zu fürchten.})) ({Die Fortsetzung} 11... Be4 12. f3 Bg6 13.
e6 fxe6 14. Be5 Qa5+ 15. Qd2 Qxd2+ 16. Kxd2 Rg8 17. h4 h5 {bildet meines
Erachtens für Schwarz das kleinste Übel.}) 12. f4 f5 ({Nach} 12... dxc4 13. Qf3
cxb3 14. f5 {erhält Weiß einen gewaltigen Angriff, zum Beispiel} Bd7 (14... b2
15. Rd1 b1=Q 16. Rxb1 Bc8 17. e6 {ist keine Verbesserung für Schwarz.}) 15. e6
(15. Bc4 e6 16. O-O Qe7 17. Bxb3 {ist weniger aggressiv, aber gefährlich genug.
}) 15... fxe6 16. Bc4 exf5 (16... Qc8 17. O-O {sieht für Schwarz auch nicht
verlockend aus.}) 17. gxf5 Qb6 18. Qh5+ Kd8 19. O-O-O {usw.}) 13. Bd3 {Stünde
der Springer des Schwarzen noch auf e4, dann wäre dieser Zug ganz wirkungslos;
jetzt ist er stark.} Qd7 14. cxd5 (14. Qc2 g6 15. gxf5 Bxf5 ({Nach} 15... gxf5
16. Rg1 {ist die Stellung des Schwarzen strategisch verloren.}) 16. e6 Qxe6 17.
Bxf5 Qxe3+ 18. Kf1 d4 {bringt dem Weißen nicht den gewünschten Erfolg.}) 14...
Bxd5 (14... cxd5 {scheitert an} 15. gxf5 Bxf5 16. Bxf5 Qxf5 17. Qxd5) (14...
Qxd5 15. O-O {sieht ungünstig für Schwarz aus}) 15. Rg1 ({Die Fortsetzung} 15.
Bxf5 e6 16. e4 exf5 17. exd5 cxd5 18. gxf5 Qxf5 19. Qxd5 Qxf4 20. Qxb7 Qe3+ 21.
Kf1 Qd3+ 22. Kg2 Qg6+ 23. Kf1 Rd8 {ist unerquicklich für Weiß.}) 15... e6 ({
Der Versuch} 15... Bf3 16. Bxf5 Qxd1+ 17. Rxd1 Bxd1 18. Kxd1 g6 19. Be6 {
führt zu einer strategischen Verluststellung für Schwarz.}) 16. gxf5 exf5 17.
Qc2 ({Die Stellung, die nach} 17. Qh5+ g6 18. Rxg6 hxg6 19. Qxh8 O-O-O {
entsteht, ist für Weiß nicht erstrebenswert.}) 17... Be6 18. O-O-O Qf7 19. Kb1
{Weiß bereitet die Fortsetzung e3-e4 vor; der Bauer auf f4 soll nicht mit
Schach geschlagen werden können. Vielleicht ist jedoch} (19. Kb2 {genauer.})
19... g6 20. h4 $6 {Damit vergibt Weiß seinen Vorteil.} ({Nach} 20. e4 O-O-O (
20... fxe4 21. Bxe4 Qxf4 22. Rxg6 hxg6 23. Bxg6+ Bf7 (23... Ke7 24. Bd2 {
, und Weiß gewinnt.}) 24. e6 {ist selbstmörderisch.}) 21. exf5 gxf5 22. Qf2 {
behält Weiß ausgezeichnete Gewinnaussichten.}) 20... Be7 21. h5 O-O-O 22. Ba5
Rd5 23. Bb6 Kb8 {Dieser Zug dürfte zum Ausgleich genügen.} ({Die Fortsetzung} 
23... Bd8 24. hxg6 hxg6 25. Bxa6 {schien mir nicht spielbar zu sein, aber es
gibt doch eine Verteidigung:} Rxd1+ (25... Bxb6 26. Qxc6+ {mit leichtem Gewinn
für Weiß.}) (25... bxa6 26. Qxc6+ Kb8 27. Rxd5 Bxd5 28. Qd6+ {, und Weiß
gewinnt.}) 26. Rxd1 Bd5 27. Bxd8 bxa6 28. Bf6 Be4 29. Bxh8 (29. Qxe4 fxe4 30.
Bxh8 Qh7 31. Bf6 Qh3 {verschafft dem Schwarzen ebenfalls Gegenchancen.}) 29...
Bxc2+ 30. Kxc2 Qf8 {, und Schwarz sollte sich halten können.}) 24. hxg6 hxg6
25. Bc4 Rxd1+ 26. Rxd1 g5 27. fxg5 Bxg5 28. Rd6 Bxc4 29. Qxc4 Qh7 {Dies ist
sicherer als} (29... Qxc4 30. bxc4 Kc8 31. Rg6 ({Auf} 31. e6 {folgt} Bd8 {nach}
32. c5 Bxb6 33. cxb6 Rd8 {verliert Weiß das Bauernendspiel.}) 31... Bd8 32. c5
{obwohl Schwarz sich wahrscheinlich wird halten können.}) 30. Qc2 Re8 31. Bd4
Qh3 $6 (31... Be7 32. Rd7 (32. Re6 Qh1+ 33. Kb2 Ba3+ {führt zum Vorteil für
Schwarz.}) 32... Qg6 ({Auf} 32... Kc8 {folgt} 33. e6 Qg6 34. Be5 Bd8 35. Rf7 {
mit Ausgleich.}) 33. Bb2 Bd8 {gibt dem Schwarzen einen kleinen Vorteil, doch
hält sich Weiß ohne weiteres nach} 34. Rd6 Qh7 35. Bd4 Bc7 36. Rf6 Bxe5 37.
Rxf5) 32. Qc5 Qf1+ $2 {Dieses Schach ist sinnlos und verbessert nur die
Königsstellung des Weißen.} (32... Qh1+ {zur Deckung des Bauern auf c6 ist
eine sichere Fortsetzung; nach} 33. Kb2 Kc8 34. Qa7 Rh8 {hat Schwarz
ausreichende Gegendrohungen.}) (32... Kc8 {genügt jedoch ebenfalls zum Remis:}
33. Rxc6+ bxc6 34. Qxc6+ Kd8 35. Bb6+ Ke7 36. Bc5+ Kf7 ({Sogar} 36... Kd8 37.
Qd6+ Kc8 38. Qxa6+ Kd8 39. Qa8+ Kd7 40. Qb7+ Ke6 41. Qc6+ Kf7 42. Qd7+ Be7 43.
e6+ Kf6 44. Bd4+ Kg5 45. Qxe8 Qf1+ {führt zum selben Ergebnis.}) 37. Qd7+ Be7
38. e6+ Kf6 39. Bd4+ Kg5 40. Qxe8 Qf1+ {mit Dauerschach.}) 33. Kb2 Qe2+ ({
Die Folge} 33... Qg2+ 34. Ka3 Kc8 35. Qa7 Rd8 36. Qa8+ (36. Bc5 {gewinnt wohl
auch.}) 36... Kc7 37. Rxd8 Bxd8 38. Bb6+ Kxb6 39. Qxd8+ Ka7 40. e6 {wird der
Nachziehende nicht überleben.}) ({Die Fortsetzung} 33... Kc8 {ist nicht mehr
zum Ausgleich ausreichend:} 34. Qa7 (34. Rxc6+ {ergibt auch hier nur
Dauerschach.}) 34... Rd8 35. Bb6 ({Nach} 35. Qa8+ Kc7 36. Rxd8 Qe2+ 37. Ka3
Be7+ 38. Rd6 Qe1 {kann Weiß wiederum dem Dauerschach nicht entkommen.}) 35...
Rxd6 36. Qa8+ Kd7 37. Qxb7+ Ke6 38. exd6 Bf6+ 39. Ka3 Qc1+ 40. Ka4 Qc2 41. a3
Kxd6 42. Qxa6 {Weiß hat großen, vielleicht entscheidenden Vorteil.}) 34. Ka3
Bd8 $2 {Der einzige Rettungsversuch besteht in} (34... Qb5 35. Qa7+ Kc7 36.
Bb6+ Qxb6 37. Rd7+ Kxd7 38. Qxb6 Kc8 39. Qd4 Re6 {Vielleicht erreicht Schwarz
eine Festung.}) (34... Kc8 35. Qa7 Rd8 {reicht nicht aus:} 36. Rxc6+ (36. Qa8+
Kc7 37. Rxd8 Be7+ 38. Rd6 Qe1 {ergibt remis: siehe oben.}) (36. Bb6 Rxd6 37.
Qa8+ (37. exd6 Qb5 {bringt nichts ein.}) 37... Kd7 38. Qxb7+ Ke6 39. exd6 Bf6
40. Qc8+ Kxd6 41. Qc7+ Ke6 42. Qxc6+ Kf7 43. Qc4+ {mag dagegen auch zum Gewinn
genügen.}) 36... bxc6 37. Bb6 Be7+ 38. Qxe7 Rd7 39. Qe8+ Kb7 40. Qxd7+ Kxb6 41.
Qd6 {, und Weiß gewinnt mühelos.}) 35. Rd7 $2 (35. Qa7+ Kc8 36. Qa8+ Kc7 37.
Ba7 {gewinnt unmittelbar.}) 35... Kc8 36. Rf7 Qd2 37. Qd6 {Weiß gibt sich mit
Remis zufrieden. Aber auch nach} (37. Qc3 Qxc3 38. Bxc3 Be7+ 39. Kb2 Kd7 40.
Rxf5 Rg8 {sollte Schwarz das Endspiel nicht verlieren.}) 37... Qa5+ 38. Kb2
Qd2+ 39. Ka3 Qa5+ 40. Kb2 Qd2+ 1/2-1/2

[Event "EU-chT (Men) 11th"]
[Site "Pula"]
[Date "1997.05.??"]
[Round "2.1"]
[White "Nikolic, Predrag"]
[Black "Bareev, Evgeny"]
[Result "0-1"]
[WhiteElo "2655"]
[BlackElo "2665"]
[Annotator "Huebner,R"]
[PlyCount "124"]
[EventDate "1997.05.05"]
[EventType "team-swiss"]
[EventRounds "9"]
[EventCountry "CRO"]
[SourceTitle "CBM 057 Extra"]
[Source "ChessBase"]
[SourceDate "1997.05.01"]
[SourceVersion "1"]
[SourceVersionDate "1997.05.01"]
[SourceQuality "1"]
[WhiteTeam "Bosnia&Herzegovina"]
[BlackTeam "Russia"]
[WhiteTeamCountry "BIH"]
[BlackTeamCountry "RUS"]

1. d4 {Hecht} d5 2. c4 c6 3. Nf3 Nf6 4. Nc3 dxc4 5. e3 b5 6. a4 b4 7. Nb1 Ba6
8. Be2 e6 9. O-O Be7 10. Nbd2 c3 11. bxc3 bxc3 12. Nb1 Qa5 13. Ba3 c5 {Soweit
ich feststellen kann, ist dies eine Neuerung; in der Vorgängerpartie geschah} (
13... Bxa3 14. Rxa3 O-O 15. Nxc3 Nbd7 16. Bxa6 Qxa6 $11 {0-1 Knaak,R-Hertneck,
G/BL9091 1991 (49). Nach dem Textzug muß Weiß schon sorgfältig spielen, um
nicht in Schwierigkeiten zu geraten; die Variante taugt nicht viel.}) 14. Bxa6
Nxa6 15. Ne5 ({In Betracht kam auch} 15. Qb3 Nd5 (15... Rb8 16. Qxc3 $11) 16.
e4 Nf4 17. Nxc3 Qxc3 {ist natürlich nicht empfehlenswert:} (17... Rb8 18. Qc4
O-O (18... Qxc3 19. Qxa6 Nh3+ 20. gxh3 Qxf3 21. Qc6+ $16) 19. Rfc1 {mit etwa
ausgeglichener Stellung.}) 18. Qb5+ Kf8 19. Qxa6 Nh3+ 20. gxh3 Qxf3 21. Qc6 {
mit Vorteil für Weiß.}) 15... Rc8 16. Qb3 $2 (16. Qd3 cxd4 17. Bxe7 Kxe7 18.
Qxd4 Nb4 {sieht nicht besser für Weiß aus.}) (16. Nc4 {war richtig: nach} Qd8 (
16... Qc7 {wird mit} 17. Nxc3 cxd4 18. Nb5 Qxc4 19. Rc1 {beantwortet}) 17. Qb3
O-O 18. Rd1 {ist der Vorteil des Schwarzen nicht nennenswert.}) 16... cxd4 17.
Qb7 (17. Bxe7 {ist nicht besser:} Kxe7 (17... Qxe5 $2 {ist fehlerhaft wegen
der Antwort} 18. Bxf6 gxf6 19. Qb7) 18. Qb7+ Qc7 19. Qxa6 Qxe5 20. Qxa7+ Rc7
21. Qxd4 Qxd4 22. exd4 Nd5 {und Schwarz gewinnt.}) 17... Rc7 18. Qa8+ Bd8 19.
Bd6 Qd5 20. Qxd5 Nxd5 21. Bxc7 Bxc7 22. exd4 Bxe5 23. dxe5 Ke7 24. Na3 Nab4 25.
Rab1 Rc8 {Weiß hatte in dieser Abwicklung keine günstige Abweichung zur
Verfügung, soweit ich sehe. Der c-Bauer des Schwarzen ist nun mehr wert als
die Qualität.} 26. Rfc1 Nf4 27. Rxb4 Ne2+ 28. Kf1 Nxc1 {Hecht: starker
schwarzer Freibauer, Taktik} 29. Rb7+ Kf8 30. Nc2 Rd8 31. Ne3 Rc8 32. Nc2 a6
33. g3 Rd8 34. Ne3 Rc8 35. Nc2 Rd8 36. Ne3 Na2 37. a5 (37. Rc7 {macht keinen
wesentlichen Unterschied zur Partiefortsetzung.}) 37... Rd1+ 38. Kg2 Rd3 39.
Rc7 Ke8 40. Kf3 Kd8 41. Rc4 Kd7 42. h4 Rd2 43. Rc5 Rb2 44. Nc4 Kd8 45. Nb6 (45.
Ne3 Rb5 {ist hoffnungslos für Weiß. Mit dem Textzug verschafft er sich noch
gefährliche Drohungen gegen den König des Schwarzen, die zum Dauerschach
führen können, wenn der Nachziehende es an Aufmerksamkeit fehlen läßt.}) 45...
g5 {Hecht: es drohte Dauerschach} (45... c2 $2 {führt nach} 46. Rc8+ Ke7 47.
Rc7+ {zum Dauerschach. Mit dem Textzug eröffnet der Nachziehende seinem König
ein Fluchtfeld auf g7.}) 46. Rc8+ (46. hxg5 {Hecht}) 46... Ke7 47. Rc7+ Kd8 48.
Rc8+ Ke7 49. Rc7+ Kf8 50. Rc8+ Kg7 51. Nd7 (51. Na4 {scheitert an} Rb4 52. Nxc3
Rb3) 51... g4+ (51... c2 $2 52. Nf6 g4+ 53. Kg2 {führt zum Remis.}) 52. Kg2 ({
Nach} 52. Kxg4 c2 53. Nf6 c1=Q 54. Rg8+ Kh6 {fehlt dem Springer des Weißen die
Möglichkeit zum Schach auf g4.}) 52... Rb5 ({Auch nach} 52... Kg6 53. Rg8+ Kf5
54. Rg5+ Ke4 55. Rxg4+ Kd5 56. Nb6+ Kxe5 {wird Schwarz gewinnen. Der Textzug
ist einfacher; durch Angriff auf den Bauern e5 wird die Drohung Sd7-f6
entkräftet.}) (52... c2 {Hecht} 53. Nf6 Kg6 54. Rg8+ Kf5 55. Rg5#) 53. h5 Rd5
54. h6+ Kg6 55. Nf6 Rxe5 56. Nxg4 Rg5 57. f3 Rb5 58. Rg8+ Kf5 59. Rg7 c2 60.
Rxf7+ (60. Ne3+ Kf6 61. Nxc2 Rb2 $19) 60... Kg6 61. Rg7+ Kh5 62. Rg8 Rg5 0-1

[Event "Reykjavik zt"]
[Site "Reykjavik"]
[Date "1995.??.??"]
[Round "5"]
[White "Akesson, Ralf"]
[Black "Sammalvuo, Tapani"]
[Result "0-1"]
[WhiteElo "2500"]
[BlackElo "2390"]
[Annotator "Huebner,R"]
[PlyCount "62"]
[EventDate "1995.03.??"]
[EventType "swiss"]
[EventRounds "11"]
[EventCountry "ISL"]
[SourceTitle "CBM 047"]
[Source "ChessBase"]
[SourceDate "1995.08.01"]
[SourceVersion "1"]
[SourceVersionDate "1995.08.01"]
[SourceQuality "1"]

1. Nf3 d5 2. d4 Nf6 3. c4 c6 4. Nc3 a6 5. Bg5 Ne4 (5... dxc4 6. a4 Be6 7. e4
$16 {Timman-Salov, Sanghi Nagar (m/8) 1994, Inf. 61/382}) 6. Bh4 $6 (6. Bf4
Nxc3 7. bxc3 dxc4 8. e4 (8. g3 b5 9. Bg2 Bb7 10. Ne5 f6 11. Nxc4 g5 (11... bxc4
12. Rb1 e5 (12... Qc8 13. Qa4 Nd7 14. O-O $44 {Tukmakov, Inf. 36/449}) 13. Rxb7
exf4 $13 {Tukmakov-Bagirov, UdSSR 1983, Inf. 36/449}) 12. Bxb8 bxc4 13. Rb1
Rxb8 14. Rxb7 Rxb7 15. Bxc6+ Rd7 16. Qa4 e6 17. O-O Bd6 $44 18. Qxa6 Kf7 19.
Bxd7 Qxd7 20. Qxc4 Rb8 21. Qd3 (21. a4 Qc8 22. Qd3 Kg7 $15 {Thorsteins-Dreev,
Kiljava 1984, Inf.38/474}) 21... Kg7 22. c4 Qa4 23. c5 Be7 24. Ra1 $10 Rb2 25.
a3 Rb3 {Rashkovsky-Rublevsky, Kurgan 1993, CBM 39} 26. Qd1 $13) 8... b5 9. Ne5
g6 10. Qf3 f6 11. Qg3 Be6 12. Nf3 $16 {Zajd-Popov, UdSSR 1975, Inf. 20/576}) (
6. h4 Nxc3 7. bxc3 dxc4 8. g3 Be6 9. Bg2 Nd7 10. a4 Bd5 11. a5 f6 12. Bf4 e5
13. dxe5 fxe5 14. Be3 Bc5 15. Qd2 O-O $13 {Lutz-Bologan, BL 1993/94 (1993),})
6... Nxc3 7. bxc3 dxc4 8. e4 b5 9. Ne5 {Mit dem Läufer auf h4 ist dieser Zug 
(anders als in der Partie Zajd-Popov) nicht funktionstüchtig. Ruhiges Spiel
mit 9.a4 oder 9.Le2 gefällt mir besser.} g6 10. Be2 Bg7 11. Bg3 O-O 12. h4 $6 {
>= 12.0-0.} c5 $17 13. d5 e6 14. dxe6 Bxe6 15. Qc1 Qf6 16. O-O Nd7 17. Nc6 Qxc3
18. Qf4 Rfe8 19. Bf3 Rac8 20. e5 Bf5 21. Rae1 Qa3 22. h5 Re6 23. h6 Bf8 24. Rd1
Rexc6 25. Bxc6 Rxc6 26. e6 Bxe6 27. Rfe1 Qa4 28. Qf3 b4 29. Bf4 Rc8 30. Bd6
Bxh6 31. Be7 Qc6 0-1

[Event "Ciocaltea Memorial"]
[Site "Bucharest"]
[Date "1995.??.??"]
[Round "9"]
[White "Atalik, Suat"]
[Black "Rogozenco, Dorian"]
[Result "1-0"]
[WhiteElo "2500"]
[BlackElo "2440"]
[Annotator "Huebner,R"]
[PlyCount "55"]
[EventDate "1995.02.??"]
[EventType "tourn"]
[EventRounds "11"]
[EventCountry "ROU"]
[EventCategory "10"]
[SourceTitle "CBM 048"]
[Source "ChessBase"]
[SourceDate "1995.10.01"]
[SourceVersion "1"]
[SourceVersionDate "1995.10.01"]
[SourceQuality "1"]

1. d4 d5 2. c4 c6 3. Nc3 Nf6 4. e3 a6 5. a4 e6 6. Nf3 c5 7. cxd5 exd5 8. Be2
Nc6 9. O-O Bd6 10. b3 O-O 11. Ba3 b6 12. Rc1 Bb7 13. Re1 Re8 14. Bb2 Nb4 15.
Bd3 Ne4 16. Ne2 Re6 17. Ng3 Rg6 18. Bb1 Bxg3 19. fxg3 f6 20. a5 c4 21. bxc4
bxa5 22. c5 Bc6 23. Bc3 Rb8 24. Re2 a4 25. Bxb4 Rxb4 26. Ba2 a5 27. Qd3 f5 28.
Qa6 {(...) Das Schlußergebnis ist unverständlich.} (28. Qa6 Bb5 29. Bxd5+ Qxd5
(29... Kh8 30. Ne5) (29... Kf8 30. Qb7 Be8 31. Qa8 Rb8 32. Qa7) 30. Qc8+ Kf7
31. Ne5+ Kf6 {Schwarz steht jedenfalls besser, aber klar ist die Sache noch
nicht.}) 1-0

[Event "CZE-ch"]
[Site "Zlin"]
[Date "1997.??.??"]
[Round "9"]
[White "Blatny, Pavel"]
[Black "Velicka, Petr"]
[Result "1/2-1/2"]
[WhiteElo "2540"]
[BlackElo "2405"]
[Annotator "Huebner,R"]
[PlyCount "162"]
[EventDate "1997.06.12"]
[EventType "tourn"]
[EventRounds "11"]
[EventCountry "CZE"]
[EventCategory "10"]
[SourceTitle "CBM 061"]
[Source "ChessBase"]
[SourceDate "1997.11.23"]
[SourceVersion "1"]
[SourceVersionDate "1997.11.23"]
[SourceQuality "1"]

1. d4 d5 2. c4 c6 3. Nf3 Nf6 4. Nc3 a6 5. Ne5 Nbd7 6. g3 e6 7. Bg2 Nxe5 8. dxe5
Nd7 9. cxd5 exd5 (9... cxd5 10. e4 (10. f4 Bc5 11. e3 O-O 12. O-O b5 13. Kh1
Bb7 14. Ne2 f6 15. Nd4 Qe7 16. exf6 Rxf6 17. b3 Bb6 18. Bb2 Rf7 19. Rc1 Qd6 20.
Qg4 Re8 21. Rfd1 e5 22. Nf3 Nf6 23. Qh4 exf4 24. Ng5 Rfe7 {Rabinovich,
A-Chekurov,S/EU-chJM U16 Szombathely 1993/TD 93\05/1-0 (38)}) 10... d4 11. Qxd4
Bc5 12. Qd1 Nxe5 13. Qxd8+ Kxd8 14. Ke2 Bd7 15. Rd1 Ke7 16. f4 Nc6 17. Be3 Bxe3
18. Kxe3 Rhd8 19. e5 Be8 20. Rac1 Rxd1 21. Nxd1 Rc8 22. Nf2 Bd7 23. Nd3 b6 24.
b3 {Farago,I-Tolnai,T/AUT-chT 1994/TD 94\03/1-0 (58)}) 10. e4 d4 (10... dxe4
11. e6 (11. O-O Nxe5 (11... Be7 12. Qg4 Nxe5 13. Qxg7 Bf6 14. Qh6 Nf3+ 15. Kh1
Bf5 16. Qf4 $16 {ist offenbar unerfreulich für Schwarz.}) 12. Qxd8+ Kxd8 13.
Nxe4 Bg4 14. Bf4 Ng6 15. Be3 Kc7 $44 {führt zu keinem klaren Ergebnis.}) 11...
fxe6 12. O-O Nf6 13. Qb3 {sieht unbequem für Schwarz aus.}) 11. Qxd4 Bc5 12.
Qd1 Nxe5 13. Qxd8+ Kxd8 14. Ke2 Kc7 (14... Ke7 15. b3 (15. Na4 Bd4 {bringt dem
Weißen nichts.}) 15... b5 (15... Rd8 16. Na4 Bd4 17. Ba3+ Ke8 18. Rad1 {
überläßt dem Weißen das bessere Spiel.}) 16. Bb2 f6 17. Rhd1 $14) 15. Bf4 (15.
Rd1 Be6 16. b3 Rad8 17. Bb2 f6 {führt zu einer ausgeglichenen Stellung.}) 15...
f6 16. Rac1 Bg4+ 17. f3 Be6 18. Nd5+ (18. b3 $5) 18... Bxd5 (18... cxd5 19.
Rxc5+ Kd6 20. Rc2 {überläßt dem Weißen Vorteil;} {die Fortsetzung} dxe4 21.
Rd1+ Ke7 22. Rc7+ {ist für ihn natürlich sehr günstig, und nach anderen Zügen
wird er den d-Bauern des Schwarzen fesseln.}) 19. Bxe5+ (19. Rxc5 Bxa2 20.
Bxe5+ fxe5 21. Rxe5 Rhe8 {ergibt Ausgleich.}) (19. exd5 Kb6 {verspricht auch
nicht mehr als der Textzug; nach} 20. Bxe5 {muß Weiß nun mit der Möglichkeit}
Rhe8 {rechnen.}) 19... fxe5 20. exd5 Kb6 (20... Bd4 21. dxc6 bxc6 22. f4 {
ist ungünstig für Schwarz.}) 21. dxc6 bxc6 22. Rc4 Bd4 {Die vorzügliche
Stellung des Läufers auf d4 hilft dem Schwarzen, das Gleichgewicht zu wahren.}
23. Rhc1 c5 24. b4 Rac8 25. Bh3 Rc7 26. Bf5 Rb8 27. h4 h6 28. h5 a5 29. b5 Rf8
30. Bd3 Rcf7 31. Be4 Rf6 32. a4 Rd8 33. R4c2 Rc8 34. Bd3 Rcf8 35. Rf1 R8f7 36.
Bg6 Rf8 37. Be4 Rc8 38. Rc4 Rd8 39. Rd1 Rfd6 40. Rc2 Rc8 41. Bc6 Rcd8 42. Rh1
c4 $6 ({Nach} 42... g5 43. hxg6 Rxg6 44. Be4 Rgd6 {sollte Schwarz keine
Verlustgefahr laufen.}) 43. Rxc4 Bc5 44. Rc2 Bb4 45. Be4 {Dies scheint mir
nicht der aussichtsreichste Gewinnversuch zu sein, aber auch nach} (45. Rhc1
Ba3 46. Ra1 Bb4 47. g4 Rd2+ 48. Rxd2 Rxd2+ 49. Ke3 Rd4 50. Ra2 Be7 {dürfte
Schwarz überleben können.}) 45... Rd2+ 46. Ke3 (46. Rxd2 Rxd2+ 47. Ke3 Ra2 {
bietet dem Weißen keine Gewinnaussichten.}) 46... Bc5+ 47. Rxc5 Kxc5 48. Rc1+
Kb4 49. b6 R2d7 50. b7 Rb8 51. Rb1+ Ka3 52. Ra1+ Kb2 53. Rb1+ Ka3 54. g4 Rd6
55. Ra1+ Kb2 56. Rg1 Ka3 57. Rc1 Rb6 58. Ra1+ Kb4 59. Rb1+ Kc5 60. Rc1+ Kb4 61.
Rc7 Kxa4 62. Rxg7 Kb5 63. Rg6 a4 64. Kd3 a3 65. Rxb6+ Kxb6 66. Kc3 Kc7 67. Kb3
Rd8 68. Kxa3 Rd6 69. Kb4 Rf6 70. Kc5 Ra6 71. Kc4 Rd6 72. Kc3 Kb8 73. Kc4 Kc7
74. Kb4 Rf6 75. Bd5 Rb6+ 76. Kc5 Rf6 77. Be4 Ra6 78. Kd5 Kxb7 79. Kxe5+ Kc7 80.
f4 Kd7 81. g5 Ke7 1/2-1/2